World's Top Universities according to QS - Statistics

General Stats
  • This quiz has been taken 322 times
  • The average score is 82 of 703
Answer Stats
Ranking Institution Location % Correct
5 Harvard University USA
93%
558 Jawaharlal Nehru University India
92%
4 University of Oxford UK
92%
6 University of Cambridge UK
87%
1 Massachusetts Institute of Technology - MIT USA
81%
21 Yale University USA
80%
17 University of California - Berkeley USA
74%
9 University College London UK
71%
3 Stanford University USA
70%
69 Brown University USA
61%
25 Princeton University USA
61%
15 University of Pennsylvania USA
60%
46 University of California - Los Angeles USA
59%
25 University of Sydney Australia
59%
88 Boston University USA
57%
100 University of Zurich Switzerland
57%
36 The University of Tokyo Japan
56%
19 University of Melbourne Australia
55%
38 Columbia University USA
54%
29 University of Toronto Canada
53%
13 University of Chicago USA
52%
34 University of Edinburgh UK
52%
81 University of Washington USA
52%
45 University of Michigan - Ann Arbor USA
51%
38 Seoul National University South Korea
50%
16 Cornell University USA
49%
184 University of Bern Switzerland
49%
212 University of Florida USA
49%
35 University of Manchester UK
48%
10 California Institute of Technology - Caltech USA
47%
55 New York University USA
47%
465 Shanghai University China
47%
79 University of Glasgow UK
46%
247 Dartmouth College USA
45%
155 University of Geneva Switzerland
45%
31 King's College London UK
44%
62 Duke University USA
43%
91 Osaka University Japan
42%
56 London School of Economics UK
41%
276 University of Milan Italy
41%
275 University of Virginia USA
41%
525 University of Georgia USA
40%
86 University of Leeds UK
40%
116 University of Helsinki Finland
39%
314 University of Miami USA
39%
168 University of Montreal Canada
39%
390 University of Athens Greece
38%
147 University of Liverpool UK
38%
147 Stockholm University Sweden
37%
146 University of Southern California USA
37%
42 Northwestern University USA
36%
82 University of Adelaide Australia
36%
181 Cardiff University UK
35%
306 Indiana University at Bloomington USA
35%
72 Sorbonne University France
35%
287 University of Arizona USA
35%
65 University of Auckland New Zealand
35%
160 University of Barcelona Spain
35%
76 University of Birmingham UK
35%
101 University of Copenhagen Denmark
35%
137 Newcastle University - Newcastle-upon-Tyne UK
34%
51 University of Bristol UK
34%
191 Queen's University Canada
33%
158 University of Basel Switzerland
33%
119 University of Oslo Norway
33%
285 Georgetown University USA
32%
2 Imperial College London UK
32%
57 Kyoto University Japan
32%
138 University of Bologna Italy
32%
150 University of Cape Town South Africa
32%
193 University of Hamburg Germany
32%
265 Charles University Prague Czech Republic
31%
164 Nagoya University Japan
31%
397 University of Kent at Canterbury UK
31%
210 University of Minnesota - Twin Cities USA
31%
362 University of Pretoria South Africa
31%
152 University of Vienna Austria
31%
473 Pusan National University South Korea
30%
84 University of Buenos Aires Argentina
30%
494 University of Canberra Australia
30%
328 University of Delhi India
30%
316 University of Frankfurt am Main Germany
30%
530 University of Iowa USA
30%
110 University of Wisconsin-Madison USA
30%
240 Victoria University of Wellington New Zealand
30%
24 Johns Hopkins University USA
29%
27 McGill University Canada
29%
190 Ohio State University USA
29%
272 University of Cologne Germany
29%
230 University of Lisbon Portugal
29%
664 University of Mumbai India
29%
97 University of Nottingham UK
29%
113 University of St. Andrews UK
29%
556 University of Houston USA
28%
219 University of Ottawa Canada
28%
92 University of Sheffield UK
28%
347 Cairo University Egypt
27%
82 Pennsylvania State University USA
27%
465 University of Kansas USA
27%
250 Vanderbilt University USA
27%
526 Boston College USA
26%
535 Lebanese American University Lebanon
26%
136 National Autonomous University of Mexico Mexico
26%
223 Tel Aviv University Israel
26%
75 Trinity College Dublin Ireland
26%
280 University of Antwerp Belgium
26%
94 University of Durham UK
26%
58 University of Malaya Malaysia
26%
87 University of Southampton UK
26%
408 University of Turin Italy
26%
540 University of Utah USA
26%
169 University of York UK
26%
333 York University Canada
26%
199 Queen's University Belfast UK
25%
144 Texas A&M University USA
25%
246 University College Cork Ireland
25%
404 University of Florence Italy
25%
308 University of Johannesburg South Africa
25%
140 University of North Carolina at Chapel Hill USA
25%
281 University of Pittsburgh USA
25%
237 University of Porto Portugal
25%
322 University of Tehran Iran
25%
271 University of Warsaw Poland
25%
123 Georgia Institute of Technology USA
24%
119 Rice University USA
24%
211 University of Calgary Canada
24%
534 University of Connecticut USA
24%
212 University of Lausanne Switzerland
24%
294 University of Notre Dame USA
24%
664 University of Oklahoma USA
24%
173 Arizona State University USA
23%
161 Michigan State University USA
23%
328 Rutgers - The State University of New Jersey USA
23%
262 University of Aberdeen UK
23%
490 University of Santiago de Chile Chile
23%
186 Wuhan University China
23%
272 American University of Sharjah United Arab Emirates
22%
202 Göteborg University Sweden
22%
66 University of California - San Diego USA
22%
530 University of Genoa Italy
22%
42 University of Queensland Australia
22%
358 Virginia Polytechnic Institute and State University USA
22%
52 Carnegie Mellon University USA
21%
88 Purdue University USA
21%
7 Swiss Federal Institute of Technology Zurich - ETHZ Switzerland
21%
381 University of Luxembourg Luxembourg
21%
628 University of South Carolina USA
21%
68 University of Texas at Austin USA
21%
430 University of Valencia Spain
21%
440 Ajman University of Science and Technology United Arab Emirates
20%
697 Ankara University Turkey
20%
480 Hiroshima University Japan
20%
8 National University of Singapore Singapore
20%
292 Swansea University UK
20%
155 University of Exeter UK
20%
326 University of Leicester UK
20%
469 University of Seville Spain
20%
310 University of Stuttgart Germany
20%
103 Utrecht University Netherlands
20%
391 Abu Dhabi University United Arab Emirates
19%
17 Tsinghua University China
19%
80 University of Heidelberg Germany
19%
358 University of Victoria Canada
19%
504 Chongqing University China
18%
549 Florida State University USA
18%
624 Oregon State University USA
18%
287 University of Bergen Norway
18%
494 University of Bordeaux France
18%
162 University of Gent Belgium
18%
11 University of Hong Kong Hong Kong
18%
341 Xiamen University China
18%
131 Aarhus University Denmark
17%
103 Nanjing University China
17%
452 Shenzhen University China
17%
207 University of Bonn Germany
17%
530 University of Bremen Germany
17%
650 University of Salzburg Austria
17%
449 Iowa State University USA
16%
63 National Taiwan University Taiwan
16%
327 New University of Lisbon Portugal
16%
384 Northeastern University USA
16%
257 Tianjin University China
16%
680 University of Brawijaya Indonesia
16%
535 University of Leipzig Germany
16%
654 University of Lille France
16%
93 Uppsala University Sweden
16%
423 Washington State University USA
16%
458 Colorado State University USA
15%
182 Emory University USA
15%
334 Tufts University USA
15%
53 University of Amsterdam Netherlands
15%
132 University of Bath UK
15%
114 University of California - Davis USA
15%
293 University of California - Irvine USA
15%
179 University of California - Santa Barbara USA
15%
553 University of Delaware USA
15%
433 University of Hannover Germany
15%
582 University of Iceland Iceland
15%
247 University of Massachusetts - Amherst USA
15%
343 University of Pisa Italy
15%
635 University of Portsmouth UK
15%
423 University of Tampere Finland
15%
366 University of Turku Finland
15%
74 University of Warwick UK
15%
558 Coventry University UK
14%
358 George Washington University USA
14%
482 Kobe University Japan
14%
14 Peking University China
14%
40 University of British Columbia Canada
14%
499 University of Costa Rica Costa Rica
14%
428 University of Dundee UK
14%
119 University of Leiden Netherlands
14%
285 University of Macau Macao
14%
20 University of New South Wales Australia
14%
613 University of Plymouth UK
14%
236 University of Rochester USA
14%
446 Vilnius University Lithuania
14%
151 Western University Canada
14%
284 National University of Ireland - Galway Ireland
13%
272 North Carolina State University USA
13%
94 University of Alberta Canada
13%
668 University of Graz Austria
13%
147 University of Groningen Netherlands
13%
420 University of Strasbourg France
13%
77 University of Western Australia Australia
13%
237 American University of Beirut Lebanon
12%
157 Lancaster University UK
12%
407 Lincoln University New Zealand
12%
36 Monash University Australia
12%
12 Nanyang Technological University Singapore
12%
105 RWTH Aachen University Germany
12%
597 Tulane University USA
12%
401 University of Limerick Ireland
12%
239 University of Maastricht Netherlands
12%
112 University of Qatar Qatar
12%
96 University of Technology Sydney Australia
12%
32 Australian National University Australia
11%
60 Catholic University of Leuven Belgium
11%
72 Lund University Sweden
11%
187 Monterrey Institute of Technology and Higher Education Mexico
11%
105 Moscow State University Russia
11%
410 State University of New York at Buffalo USA
11%
22 Technical University of München Germany
11%
440 University of California - Riverside USA
11%
678 University of Haifa Israel
11%
350 University of Innsbruck Austria
11%
416 University of Mannheim Germany
11%
342 University of Oulu Finland
11%
233 University of Padua Italy
11%
194 University of Reading UK
11%
314 University of Tasmania Australia
11%
613 Applied Science University Bahrain Bahrain
10%
381 University of East Anglia UK
10%
526 University of Hull UK
10%
618 University of Kiel Germany
10%
473 University of Linz Austria
10%
535 University of Ljubljana Slovenia
10%
638 University of Zaragoza Spain
10%
306 Aalborg University Denmark
9%
519 Austral University Argentina
9%
688 Baku State University Azerbaijan
9%
591 Illinois Institute of Technology USA
9%
61 Korea University South Korea
9%
511 Singapore Management University Singapore
9%
22 Swiss Federal Institute of Technology Lausanne - EPFL Switzerland
9%
511 University of Bradford UK
9%
452 University of Cyprus Cyprus
9%
584 University of Dhaka Bangladesh
9%
378 University of Saskatchewan Canada
9%
654 University of South Florida USA
9%
362 University of Tartu Estonia
9%
187 Complutense University of Madrid Spain
8%
47 Delft University of Technology Netherlands
8%
170 Hokkaido University Japan
8%
98 Karlsruhe Institute of Technology Germany
8%
628 Missouri University of Science and Technology USA
8%
126 National University of Malaysia Malaysia
8%
261 University of Canterbury New Zealand
8%
347 University of Coimbra Portugal
8%
456 University of Essex UK
8%
201 University of Freiburg Germany
8%
401 University of Granada Spain
8%
473 University of Lugano Switzerland
8%
643 University of Manitoba Canada
8%
262 University of Surrey UK
8%
278 University of Sussex UK
8%
184 University of Wollongong Australia
8%
294 Case Western Reserve University USA
7%
30 Fudan University China
7%
660 Kingston University UK
7%
310 Linkoping University Sweden
7%
225 Loughborough University UK
7%
138 Macquarie University Australia
7%
279 Radboud University of Nijmegen Netherlands
7%
469 Tashkent Institute Irrigation and Agricultural Mechanization Engineers Uzbekistan
7%
458 University of California - Santa Cruz USA
7%
452 University of Mainz Germany
7%
58 University of München Germany
7%
350 University of Münster Germany
7%
477 University of Potsdam Germany
7%
526 University of Salamanca Spain
7%
119 University of Waterloo Canada
7%
167 Washington University in St. Louis USA
7%
32 Chinese University of Hong Kong Hong Kong
6%
140 Eindhoven University of Technology Netherlands
6%
170 Kyushu University Japan
6%
461 Novosibirsk State University Russia
6%
28 PSL Research University Paris France
6%
110 Queen Mary - University of London UK
6%
125 RMIT University Australia
6%
118 University College Dublin Ireland
6%
173 University of Chile Chile
6%
243 University of Göttingen Germany
6%
334 University of Illinois at Chicago USA
6%
430 University of Montpellier France
6%
622 University of New Brunswick Canada
6%
128 University of Rome - La Sapienza Italy
6%
328 University of Sharjah United Arab Emirates
6%
251 University of Strathclyde UK
6%
648 University of Tromso Norway
6%
215 University of Tübingen Germany
6%
546 University of Ulm Germany
6%
196 Waseda University Japan
6%
50 Yonsei University South Korea
6%
618 Zhengzhou University China
6%
114 Aalto University Finland
5%
587 American University USA
5%
395 Aston University UK
5%
491 Central South University China
5%
63 City University of Hong Kong Hong Kong
5%
571 Colorado School of Mines USA
5%
140 Erasmus University Rotterdam Netherlands
5%
240 Hebrew University of Jerusalem Israel
5%
540 Jinan University - Guangdong China
5%
215 Keio University Japan
5%
163 King Abdulaziz University Saudi Arabia
5%
173 McMaster University Canada
5%
695 Rensselaer Polytechnic Institute USA
5%
511 School of Oriental and African Studies - University of London UK
5%
367 Sciences Po - Paris France
5%
47 Shanghai Jiao Tong University China
5%
452 State University of New York at Stony Brook USA
5%
347 Tilburg University Netherlands
5%
499 Tomsk State University Russia
5%
70 Université Paris-Saclay France
5%
650 University of Brescia Italy
5%
628 University of Crete Greece
5%
563 University of Debrecen Hungary
5%
70 University of Illinois at Urbana-Champaign USA
5%
197 University of Otago New Zealand
5%
108 University of Sao Paulo Brazil
5%
578 University of Tabriz Iran
5%
485 University of Trento Italy
5%
203 University of Twente Netherlands
5%
194 VU University Amsterdam Netherlands
5%
153 Wageningen University & Research Center Netherlands
5%
49 Zhejiang University China
5%
566 Bangor University UK
4%
526 Chiang Mai University Thailand
4%
613 City University of New York USA
4%
88 Free University of Berlin Germany
4%
44 Hong Kong University of Science and Technology Hong Kong
4%
123 Indian Institute of Technology - Delhi India
4%
143 King Saud University Saudi Arabia
4%
78 KTH - Royal Institute of Technology Sweden
4%
397 Lappeenranta University of Technology Finland
4%
469 Laval University Canada
4%
339 Shandong University China
4%
392 Southeast University China
4%
145 Technical University of Berlin Germany
4%
643 The Manchester Metropolitan University UK
4%
109 Tohoku University Japan
4%
395 University of Bochum Germany
4%
299 University of Colorado at Boulder USA
4%
575 University of Jena Germany
4%
207 University of Maryland at College Park USA
4%
691 University of Regensburg Germany
4%
134 University of Science - Malaysia Malaysia
4%
607 University of Siena Italy
4%
517 University of Stirling UK
4%
400 University of Western Sydney Australia
4%
558 Al Ain University United Arab Emirates
3%
456 Amirkabir University of Technology Iran
3%
465 Anna University India
3%
172 Autonomous University of Barcelona Spain
3%
206 Autonomous University of Madrid Spain
3%
591 Bond University Australia
3%
385 Brunel University UK
3%
165 Chalmers University of Technology Sweden
3%
183 Curtin University Australia
3%
283 Dalhousie University Canada
3%
487 Edith Cowan University Australia
3%
387 Flinders University Australia
3%
582 Florida International University USA
3%
321 Grenoble Alpes University France
3%
268 Griffith University Australia
3%
287 Heriot-Watt University UK
3%
54 Hong Kong Polytechnic University Hong Kong
3%
504 Hunan University China
3%
129 Indian Institute of Technology - Bombay India
3%
180 Indian Institute of Technology - Madras India
3%
41 Institut Polytechnique de Paris France
3%
303 Jagiellonian University Poland
3%
440 James Cook University Australia
3%
67 King Fahd University of Petroleum & Minerals Saudi Arabia
3%
648 King Faisal University Saudi Arabia
3%
668 Lehigh University USA
3%
374 Oxford Brookes University UK
3%
102 Pohang University of Science and Technology South Korea
3%
98 Polytechnic University of Milan Italy
3%
226 Queensland University of Technology Australia
3%
461 Royal Holloway - University of London UK
3%
375 Sharif University of Technology Iran
3%
324 Sichuan University China
3%
233 State University of Campinas Brazil
3%
375 St. Petersburg State University Russia
3%
107 Technical University of Denmark Denmark
3%
85 Tokyo Institute of Technology Japan
3%
613 University of Concepción Chile
3%
504 University of Guelph Canada
3%
524 University of Huddersfield UK
3%
498 University of Jyvaskyla Finland
3%
697 University of Klagenfurt Austria
3%
440 University of Konstanz Germany
3%
550 University of Northumbria at Newcastle UK
3%
423 University of Pavia Italy
3%
303 University of Southern Denmark Denmark
3%
597 University of Texas at Dallas USA
3%
609 University of Ulster UK
3%
546 University of Windsor Canada
3%
416 University of Würzburg Germany
3%
257 University Panthéon-Sorbonne (Paris I) France
3%
265 University Pompeu Fabra Spain
3%
624 Yeshiva University USA
3%
428 Aix-Marseille University France
2%
166 Al-Farabi Kazakh National University Kazakhstan
2%
660 Bar-Ilan University Israel
2%
247 Beijing Normal University China
2%
388 Birkbeck - University of London UK
2%
499 Central Queensland University Australia
2%
584 Charles Darwin University Australia
2%
221 Chulalongkorn University Thailand
2%
465 Concordia University Canada
2%
482 Dalian University of Technology China
2%
207 Deakin University Australia
2%
410 Dublin City University Ireland
2%
205 Ecole Normale Supérieure de Lyon France
2%
595 Federal University of Minas Gerais Brazil
2%
317 Federal University of Rio de Janeiro Brazil
2%
691 Federal University of Rio Grande do Sul Brazil
2%
224 Gadjah Mada University Indonesia
2%
159 Hanyang University South Korea
2%
256 Harbin Institute of Technology China
2%
597 Hasselt University Belgium
2%
440 Higher School of Economics Russia
2%
319 Huazhong University of Science and Technology China
2%
130 Humboldt University of Berlin Germany
2%
219 Indian Institute of Science India
2%
334 Indian Institute of Technology - Guwahati India
2%
664 Indian Institute of Technology - Hyderabad India
2%
222 Indian Institute of Technology - Kanpur India
2%
215 Indian Institute of Technology - Kharagpur India
2%
339 Indian Institute of Technology - Roorkee India
2%
473 Jilin University China
2%
450 Kazan Federal University Russia
2%
177 Khalifa University United Arab Emirates
2%
323 Koc University Turkey
2%
519 Kyungpook National University South Korea
2%
233 La Trobe University Australia
2%
423 Murdoch University Australia
2%
355 Nankai University China
2%
435 National Taiwan Normal University Taiwan
2%
458 National University de La Plata Argentina
2%
199 National Yang Ming Chiao Tung University Taiwan
2%
267 Norwegian University of Science and Technology Norway
2%
609 Nottingham Trent University UK
2%
300 Paris Cité University France
2%
392 Polytechnic University of Catalonia Spain
2%
242 Polytechnic University of Turin Italy
2%
116 Pontifical Catholic University of Chile Chile
2%
535 Prince Sultan University Saudi Arabia
2%
680 Ritsumeikan University Japan
2%
635 Saarland University Germany
2%
450 Sao Paulo State University Brazil
2%
392 Sejong University South Korea
2%
308 Simon Fraser University Canada
2%
673 Stevens Institute of Technology USA
2%
126 Sungkyunkwan University South Korea
2%
294 Swinburne University of Technology Australia
2%
334 Technical University of Madrid Spain
2%
350 Technion - Israel Institute of Technology Israel
2%
177 Tongji University China
2%
350 Tsukuba University Japan
2%
401 Umea University Sweden
2%
229 United Arab Emirates University United Arab Emirates
2%
227 Université Libre de Bruxelles Belgium
2%
697 University of Alcalá de Henares Spain
2%
419 University of Aveiro Portugal
2%
688 University of Côte d'Azur France
2%
232 University of Erlangen-Nürnberg Germany
2%
642 University of Fribourg Switzerland
2%
189 University of Indonesia Indonesia
2%
697 University of Missouri - Columbia USA
2%
227 University of Newcastle - Australia Australia
2%
134 University of Putra Malaysia Malaysia
2%
132 University of Science and Technology of China China
2%
410 University of Southern Queensland Australia
2%
302 University of Stellenbosch South Africa
2%
597 University of Szeged Hungary
2%
153 University of Technology - Malaysia Malaysia
2%
607 University of Tennessee - Knoxville USA
2%
362 University of the Philippines Manila Philippines
2%
691 Vellore Institute of Technology India
2%
305 Xi'an Jiaotong University China
2%
542 Ain Shams University Egypt
1%
287 Airlangga University Indonesia
1%
563 Ajou University South Korea
1%
485 Aristotle University of Thessaloniki Greece
1%
511 Ateneo de Manila University Philippines
1%
388 Beihang University China
1%
259 Beijing Institute of Technology China
1%
447 Belarusian State University Belarus
1%
469 Ben-Gurion University of the Negev Israel
1%
399 Bogor Agricultural University (IPB University) Indonesia
1%
191 Catholic University of Louvain Belgium
1%
409 Catholic University of the Sacred Heart Italy
1%
575 Chandigarh University India
1%
504 China Agricultural University China
1%
479 Chung-Ang University South Korea
1%
664 COMSATS University Islamabad Pakistan
1%
416 Czech Technical University of Prague Czech Republic
1%
370 Daegu Gyeongbuk Institute of Science and Technology South Korea
1%
654 De La Salle University Philippines
1%
624 Diponegoro University Indonesia
1%
618 Dongguk University South Korea
1%
482 Duy Tan University Viet Nam
1%
433 East China Normal University China
1%
530 Education University of Hong Kong Hong Kong
1%
584 Eötvös Lorand University Hungary
1%
504 Ewha Womans University South Korea
1%
385 Gwangju Institute of Science and Technology South Korea
1%
571 Hacettepe University Turkey
1%
553 Hitotsubashi University Japan
1%
244 Hong Kong Baptist University Hong Kong
1%
438 IE University Spain
1%
491 Imam Abdulrahman Bin Faisal University Saudi Arabia
1%
556 Indian Institute of Technology Indore India
1%
643 Inha University South Korea
1%
255 Institute of Technology Bandung Indonesia
1%
298 Istanbul Technical University Turkey
1%
628 Istanbul University Turkey
1%
676 Jadavpur University India
1%
535 King Khalid University Saudi Arabia
1%
654 Konkuk University South Korea
1%
331 Kyung Hee University South Korea
1%
317 L.N. Gumilyov Eurasian National University Kazakhstan
1%
440 Macau University of Science and Technology Macao
1%
230 Massey University New Zealand
1%
660 Memorial University of Newfoundland Canada
1%
269 Middle East Technical University Turkey
1%
477 Moscow Institute of Physics and Technology Russia
1%
203 National Cheng Kung University Taiwan
1%
439 National Sun Yat-Sen University Taiwan
1%
355 National Technical University of Athens Greece
1%
176 National Tsinghua University Taiwan
1%
259 National University of Colombia Colombia
1%
499 Northwestern Polytechnical University China
1%
515 Padjadjaran University Indonesia
1%
422 Polytechnic University of Valencia Spain
1%
371 Pontificia Universidad Javeriana Colombia
1%
436 Prince Mohammad Bin Fahd University Saudi Arabia
1%
354 Quaid-i-Azam University Pakistan
1%
436 Ramon Llull University Spain
1%
404 Sabanci University Turkey
1%
618 Saint Joseph University of Beirut Lebanon
1%
519 Singapore University of Technology & Design Singapore
1%
558 Sogang University South Korea
1%
377 South China University of Technology China
1%
638 Southern Cross University Australia
1%
343 Southern University of Science and Technology China
1%
334 Sultan Qaboos University Oman
1%
410 Sunway University Malaysia
1%
696 Symbiosis International University India
1%
597 Taipei Medical University Taiwan
1%
635 Tallinn University of Technology Estonia
1%
487 Technical University of Bergakademie Freiberg Germany
1%
253 Technical University of Darmstadt Germany
1%
673 Technical University of Dortmund Germany
1%
218 Technical University of Dresden Germany
1%
697 Tokyo Medical and Dental University Japan
1%
310 Ulsan National Institute of Science and Technology South Korea
1%
578 University Adolfo Ibáñez Chile
1%
301 University Carlos III de Madrid Spain
1%
587 University Claude Bernard - Lyon I France
1%
448 University of Bayreuth Germany
1%
367 University of Brunei Darussalam Brunei
1%
604 University of Eastern Finland Finland
1%
496 University of Giessen Germany
1%
546 University of Hawaii at Manoa USA
1%
558 University of KwaZulu-Natal South Africa
1%
212 University of Los Andes Colombia
1%
542 University of Milan - Bicocca Italy
1%
379 University of Naples Federico II Italy
1%
262 University of Navarra Spain
1%
628 University of Santiago de Compostela Spain
1%
251 University of Technology - Petronas Malaysia
1%
281 University of Waikato New Zealand
1%
291 University of Witwatersrand South Africa
1%
519 Ural Federal University Russia
1%
197 Vienna University of Technology Austria
1%
294 Vrije Universiteit Brussel Belgium
1%
487 Warsaw University of Technology Poland
1%
643 Abo Akademi University Finland
0%
381 American University in Cairo Egypt
0%
678 American University in Dubai United Arab Emirates
0%
591 American University of Ras al Khaimah United Arab Emirates
0%
563 American University of the Middle East Kuwait
0%
597 Asia Pacific University of Technology and Innovation Malaysia
0%
410 Auckland University of Technology New Zealand
0%
320 Bauman Moscow State Technical University Russia
0%
697 Beijing University of Chemical Technology China
0%
676 Beirut Arab University Lebanon
0%
415 Bilkent University Turkey
0%
668 Birla Institute of Technology and Science India
0%
371 Bogazici University Turkey
0%
575 Brno University of Technology Czech Republic
0%
660 Ca' Foscari University of Venice Italy
0%
604 Canadian University Dubai United Arab Emirates
0%
668 Chang Gung University Taiwan
0%
654 China University of Mining Technology China
0%
686 China University of Petroleum (Beijing) China
0%
310 City St George's, University of London UK
0%
684 Comenius University in Bratislava Slovakia
0%
686 Cyprus University of Technology Cyprus
0%
673 East China University of Science and Technology China
0%
691 Eastern Mediterranean University Cyprus
0%
643 Free University of Bozen-Bolzano Italy
0%
427 Graz University of Technology Austria
0%
244 Hamad Bin Khalifa University Qatar
0%
680 Hankuk University of Foreign Studies South Korea
0%
566 Indian Institute of Technology (BHU) Varanasi India
0%
406 Institut National des Sciences Appliquées de Lyon France
0%
613 International Islamic University Malaysia Malaysia
0%
509 INTI International University Malaysia
0%
496 Iran University of Science and Technology Tehran Iran
0%
571 Isfahan University of Technology Iran
0%
324 Jordan University Jordan
0%
461 Jordan University of Science and Technology Jordan
0%
697 Kazakh National Agrarian University Kazakhstan
0%
628 Kazakh National Pedagogical University Kazakhstan
0%
555 Lahore University of Management Sciences Pakistan
0%
515 Lebanese University Beirut Lebanon
0%
638 Lincoln University College Malaysia Malaysia
0%
358 Mahidol University Thailand
0%
597 Management and Science University Malaysia
0%
430 Masaryk University Czech Republic
0%
650 Moscow State Institute of International Relations Russia
0%
680 Nanjing University of Aeronautics and Astronautics China
0%
587 National Central University Taiwan
0%
604 National Chengchi University Taiwan
0%
628 National Chung Hsing University - Taipei Taiwan
0%
591 National Research Nuclear University Russia
0%
420 National Taipei University of Technology Taiwan
0%
345 National Taiwan University of Science and Technology Taiwan
0%
371 National University of Sciences and Technology - Islamabad Pakistan
0%
668 Palacky University Czech Republic
0%
367 Peoples' Friendship University of Russia Russia
0%
609 Peter the Great St Petersburg Polytechnic University Russia
0%
517 Pontifical Catholic University Argentina Argentina
0%
345 Pontifical Catholic University of Perú Peru
0%
571 Pontifical Catholic University of Rio de Janeiro Brazil
0%
566 Renmin University of China China
0%
331 Satbayev Kazakh National Technical University Kazakhstan
0%
566 Savitribai Phule Pune University India
0%
509 Sepuluh Nopember Institute of Technology Indonesia
0%
503 Shoolini University of Biotechnology and Management Sciences India
0%
276 Sun Yat-Sen University China
0%
253 Taylor's University Malaysia
0%
551 Thammasat University Thailand
0%
688 Tomsk Polytechnic University Russia
0%
684 Ton Duc Thang University Viet Nam
0%
269 UCSI University Malaysia
0%
622 Umm Al-Qura University Saudi Arabia
0%
654 University of Agriculture Faisalabad Pakistan
0%
638 University of Chemistry and Technology - Prague Czech Republic
0%
362 University of Chinese Academy of Sciences China
0%
519 University of Electronic Science and Technology of China China
0%
379 University of Liège Belgium
0%
609 University of Malaysia - Pahang Malaysia
0%
566 University of Minho Portugal
0%
355 University of Rome - Tor Vergata Italy
0%
480 University of Science and Technology Beijing China
0%
578 University of Technology Brunei Brunei
0%
542 University of Technology - Mara Malaysia
0%
551 University of Tenaga Nasional Malaysia
0%
624 University of the Basque Country Spain
0%
542 University of the Punjab Pakistan
0%
650 University of the Republic Uruguay
0%
491 University of Utara Malaysia Malaysia
0%
587 University Paul Sabatier - Toulouse III France
0%
581 University Pontificia Comillas Spain
0%
461 Vita-Salute San Raffaele University Italy
0%
595 Zayed University United Arab Emirates
0%
No matching quizzes found
Score Distribution
Percent of People with Each Score
Percentile by Number Answered
Your Score History
You have not taken this quiz